书目信息 |
| 题名: |
辞书学丛稿
|
|
| 作者: | 邹酆 著 | |
| 分册: | ||
| 出版信息: | 武汉 崇文书局 2004 |
|
| 页数: | 383页 | |
| 开本: | 20cm | |
| 丛书名: | 崇文学术文库 | |
| 单 册: | ||
| 中图分类: | H16 | |
| 科图分类: | ||
| 主题词: | 汉语--辞书学 | |
| 电子资源: | ||
| ISBN: | 7-5403-0637-8 | |
| 000 | 00867oam2 2200277 450 | |
| 001 | 0302583094 | |
| 005 | 20051114162526.50 | |
| 010 | @a7-5403-0637-8@dCNY22.00 | |
| 092 | @aCN | |
| 100 | @a20050324d2004 emky0chiy0110 ea | |
| 101 | 0 | @achi |
| 102 | @aCN@b420000 | |
| 105 | @ay z 000yy | |
| 200 | 1 | @a辞书学丛稿@9ci shu xue cong gao@f邹酆著@Fzou feng zhu |
| 210 | @a武汉@c崇文书局@d2004 | |
| 215 | @a383页@d20cm | |
| 225 | 2 | @a崇文学术文库@i湖北大学古文献研究书系 |
| 330 | @a本书收录作者对辞书学进行研究的论文83篇,作者从语义派生的规律中即词义发展变化的源头去探究词义的变化,构建了完备的中国辞书学史和辞书学体系。 | |
| 410 | 0 | @12001 @a崇文学术文库 |
| 410 | 0 | @12001 @a湖北大学古文献研究书系 |
| 606 | 0 | @a汉语@x辞书学 |
| 690 | @aH16@v4 | |
| 701 | 0 | @a邹酆@Azou feng@4著 |
| 801 | 0 | @aCN@bTSSF@c20051114 |
| 905 | @a10447@dH16@e134 | |
| 999 | @aZXL | |
| 辞书学丛稿/邹酆著.-武汉:崇文书局,2004 |
| 383页;20cm.-(崇文学术文库.湖北大学古文献研究书系) |
| ISBN 7-5403-0637-8:CNY22.00 |
| 本书收录作者对辞书学进行研究的论文83篇,作者从语义派生的规律中即词义发展变化的源头去探究词义的变化,构建了完备的中国辞书学史和辞书学体系。 |
| ● |
| 相关链接 |
|
|
|
|
正题名:辞书学丛稿
索取号:H16/134
 
预约/预借
| 序号 | 登录号 | 条形码 | 馆藏地/架位号 | 状态 | 备注 |
| 1 | 0367272 | 203672720 | 第二样本阅览室/ [索取号:H16/134] | 在馆 | |
| 2 | 0367273 | 203672739 | 第四借阅区/ [索取号:H16/134] | 在馆 | |
| 3 | 0367274 | 203672748 | 第四借阅区/ [索取号:H16/134] | 在馆 | |
| 4 | 0367275 | 203672757 | 第四借阅区/ [索取号:H16/134] | 在馆 | |
| 5 | 0367276 | 203672766 | 第四借阅区/ [索取号:H16/134] | 在馆 |